000 00609nam a22002297a 4500
003 UA-OsUOA
001 99815
007 ta
008 20130517b un ||||| |||| 00| 0 ukr d
100 _aСубботин А.Л.
090 _a821.161.1
_bС85
942 _cBK
040 _aUA-OsUOA
_brus
_cUA-OsUOA
_dUA-OsUOA
245 _aЖизнь поэта
300 _a384 с.
955 _a3
041 _arus
080 _a821.161.1
260 _aМосква
_bСоветский писатель
_c1984
650 7 _a82 Література. Літературознавство
_2UDC
999 _c386051
_d386051